On top of the world: My adventures with my mountain climbing husband

Furkejuvvon:
Bibliográfalaš dieđut
Váldodahkkit: Petzoldt, Patricia (Dahkki), Petzoldt, Paul (Dahkki)
Materiálatiipa: Girji
Giella:eaŋgalasgiella
Almmustuhtton: Londres Collins clear type press 1954
Preanttus:1a. ed
Fáttát:
Fáddágilkorat: Lasit fáddágilkoriid
Eai fáddágilkorat, Lasit vuosttaš fáddágilkora!

MARC

LEADER 00000nam a2200000 a 4500
001 UCJ4916
003 CL-VaPUC
008 070124e19540000UK |||||||||||||||||eng|d
082 0 4 |a 910.4  |b PET  |2 21 
100 0 |a Petzoldt, Patricia  |e author  |9 509440 
700 0 |a Petzoldt, Paul  |e author  |9 509441 
245 1 3 |a On top of the world: My adventures with my mountain climbing husband 
250 |a 1a. ed 
300 |a 254 p 
942 |c BK 
945 |d 20070124 00:00:00  |a rinostro 
260 |a Londres  |b Collins clear type press  |c 1954 
500 |a Fotografías de los autores y paisajes de montaña 
650 0 |a Viajes  |9 257115 
650 7 |a MONTAÑISMO  |2 CL-VaPUC  |9 384709 
650 0 |a Ilustraciones  |9 369481 
650 0 |a Iconografía   |9 267998 
651 7 |a MONTE K2  |2 CL-VaPUC  |9 507947 
651 7 |a HIMALAYAS  |2 CL-VaPUC  |9 509442 
583 |a last modification  |c 20070124 00:00:00  |k Rodrigo Vera 
999 |c 321031  |d 321029 
952 |0 0  |1 0  |4 0  |6 910_400000000000000_PET_1954  |7 0  |8 X  |9 399688  |a FDOBUD  |b FDOBUD  |d 2019-11-22  |i 1027824  |o 910.4 PET 1954  |p 1027824  |r 2019-11-22  |w 2019-11-22  |y BK_X  |k BUD